Tribhuvan University Central Library

Kangchenjunga : The unique gift of nature (Record no. 95123)

MARC details
000 -LEADER
fixed length control field 00514nam a22001697a 4500
008 - FIXED-LENGTH DATA ELEMENTS--GENERAL INFORMATION
fixed length control field 200304b xxu||||| |||| 00| 0 eng d
020 ## - INTERNATIONAL STANDARD BOOK NUMBER
International Standard Book Number 9789937211536
082 ## - DEWEY DECIMAL CLASSIFICATION NUMBER
Classification number 954.96
Item number T829k
100 ## - MAIN ENTRY--PERSONAL NAME
Personal name Thapa , Rajeshwar
245 ## - TITLE STATEMENT
Title Kangchenjunga : The unique gift of nature
Remainder of title ( A brief narration of a mysterious mountain )
260 ## - PUBLICATION, DISTRIBUTION, ETC.
Place of publication, distribution, etc. Kathmandhu :
Name of publisher, distributor, etc. Phupu Chowang Sherpa ,
Date of publication, distribution, etc. 2009
300 ## - PHYSICAL DESCRIPTION
Extent 272p.;illus.
504 ## - BIBLIOGRAPHY, ETC. NOTE
Bibliography, etc. note Bibliography .p. 267-269.
650 ## - SUBJECT ADDED ENTRY--TOPICAL TERM
Topical term or geographic name entry element History
651 ## - SUBJECT ADDED ENTRY--GEOGRAPHIC NAME
Geographic name Nepal
942 ## - ADDED ENTRY ELEMENTS (KOHA)
Source of classification or shelving scheme Dewey Decimal Classification
Koha item type ISBN
Holdings
Withdrawn status Lost status Source of classification or shelving scheme Damaged status Not for loan Home library Current library Date acquired Total Checkouts Full call number Barcode Date last seen Price effective from Koha item type
    Dewey Decimal Classification     Tribhuvan University Central Library Tribhuvan University Central Library 03/04/2020   954.96 T829k IS7195 03/04/2020 03/04/2020 ISBN